In the Bubble : Designing in a Complex World (Record no. 369795)

MARC details
000 -LEADER
fixed length control field 00456nam a2200181 4500
005 - DATE AND TIME OF LATEST TRANSACTION
control field 20260109095550.0
008 - FIXED-LENGTH DATA ELEMENTS--GENERAL INFORMATION
fixed length control field 260109b |||||||| |||| 00| 0 eng d
020 ## - INTERNATIONAL STANDARD BOOK NUMBER
International Standard Book Number 9780262701150
041 ## - LANGUAGE CODE
Language code of text/sound track or separate title English
082 ## - DEWEY DECIMAL CLASSIFICATION NUMBER
Classification number 745.4
Item number THA
100 ## - MAIN ENTRY--PERSONAL NAME
Author Thackara John
245 ## - TITLE STATEMENT
Title In the Bubble : Designing in a Complex World
260 ## - PUBLICATION, DISTRIBUTION, ETC.
Place of publication, distribution, etc. London
Name of publisher, distributor, etc. The MIT Press
Date of publication, distribution, etc. 2005
300 ## - PHYSICAL DESCRIPTION
Extent 321
365 ## - TRADE PRICE
Price amount 2389.27
Currency code Rs.00
650 ## - SUBJECT ADDED ENTRY--TOPICAL TERM
Topical term or geographic name entry element Design
942 ## - ADDED ENTRY ELEMENTS (KOHA)
Koha item type Books

No items available.